Most Common Words In English Starting With Y - Statistics

General Stats
  • This quiz has been taken 1,598 times
  • The average score is 11 of 15
Answer Stats
Word % Correct
you
97%
yes
95%
your
94%
yell
88%
yet
83%
young
83%
year
78%
yours
78%
yellow
73%
yesterday
71%
youth
68%
yard
60%
yeah
60%
yourself
56%
yield
34%
No matching quizzes found
Score Distribution
Percent of People with Each Score
Percentile by Number Answered
Your Score History
You have not taken this quiz